000 00593nam a2200181 4500
999 _c196012
_d196012
005 20230517112705.0
010 _aENG-136957
020 _a9789390746569
_c120.00
035 _aEN-120489
037 _bDBAD/PUB
082 _a973.91
100 _aBenedict, Ezeifekwuaba Tochukwu
245 _aThe Second World War Of The US Army (1945-1950)/
_cEzeifekwuaba Tochukwu Benedict
260 _aKolkata
_bExceller Books
_c2021
270 _aG1, Dream Apartment, Degree College Road, Belgharia
_bKolkata
_e700056
300 _a125p.;
_c21cm(pbk)
942 _2ddc
_cEN
_mBEN
_h973.91